| 000 -LEADER | |
|---|---|
| fixed length control field | 00367nam a2200133 4500 |
| 020 ## - INTERNATIONAL STANDARD BOOK NUMBER | |
| ISBN | 0072362901 |
| 050 ## - LIBRARY OF CONGRESS CALL NUMBER | |
| Classification number | TS155sch |
| 100 ## - MAIN ENTRY--AUTHOR NAME | |
| Personal name | SCHRODER, Roger G. |
| 245 ## - TITLE STATEMENT | |
| Title | Operations management: contemporary concepts |
| 260 ## - PUBLICATION, DISTRIBUTION, ETC. (IMPRINT) | |
| Place of publication | Boston |
| Name of publisher | McGraw-Hill |
| Year of publication | 2000 |
| 300 ## - PHYSICAL DESCRIPTION | |
| Number of Pages | 395p. |
| Other physical details | xxi, ill. includes index |
| 650 ## - SUBJECT ADDED ENTRY--TOPICAL TERM | |
| Topical Term | Operations management; Contemporary concepts |
| 942 ## - ADDED ENTRY ELEMENTS (KOHA) | |
| Koha item type | Books |
| Koha item type | Collection code | Shelving location | Accession Number | Permanent Location | Current Location | Date acquired | Full call number |
|---|---|---|---|---|---|---|---|
| Books | Lending | Lending | 0243 | Chapman Library | Chapman Library | 2016-01-15 | TS155sch |

